LEADER 01142naa a2200241 u 4500 001 000000094268 003 CaOOAMICUS 005 20070226130137.0 008 010830s1980 fr u000 u fre u 035 $a10900587 040 $aPUL(R)$bita 100 1 $aSauvy, Alfred.$0(OLS)http://pul/name/60614 245 13$aLe droit à l'espace, à la terre /$cAlfred Sauvy. 260 $a[S. l. :$bs. n.],$c1980. 300 $aP. [176-182] 504 $aBibliografia in nota. 650 4$aDiritto aeronautico.$0(OLS)http://pul/subject/2930 650 4$aPaesi in via di sviluppo.$0(OLS)http://pul/subject/24236 650 4$aDiritto internazionale pubblico.$0(OLS)http://pul/subject/13984 773 0 $aAcadémie de droit international.$tColloque = Workshop$g1979 773 0 $aAcadémie de droit international.$tLe droit au développement au plan international : Colloque, La Haye, 16-18 octobre 1979 = The right to development at the international level : Workshop, The Hague, 16-18 october 1979$w()61049 996 $6245$aLe droit à l'espace, à la terre$9(OLS)http://pul/title/121132 996 $6260$a[S. l. :$bs. n.]$9(OLS)http://pul/publisher/47882 LEADER 01267nam a2200313 u 4500 001 000000057116 003 CaOOAMICUS 005 20150708124120.0 008 010427s1994 it u000 u ita u 020 $a888025023X 035 $a10886741 040 $aPUL(R)$bita 100 1 $aCombi, Ernesto Battista.$0(OLS)http://pul/name/39965 245 10$aFede cristiana e agire sociale /$cErnesto Combi, Eros Monti. 260 $aMilano :$bCentro Ambrosiano,$c1994. 300 $a302 p.$c22 cm 504 $aBibliografia: p.295-298. 650 4$aCatechesi.$0(OLS)http://pul/subject/4492 700 1 $aMonti, Eros.$0(OLS)http://pul/name/35514 850 $aPUL 852 $aPUL$W1$xSL Religione 1$y3$m61 A 38$j74782$nBK-PRI$b $qStampati$B74782$CPULBib$Z2$F74782 $H $81 852 $aPUL$W1$xDP1 Fondo S. Lanza$y121$m3 G 50$j167070$qFondi$B167654$CPULBib$Z2$F167654 $HLAN1259 $82 941 1 $a8 941 1 $a1 961 $aINV: 73101 961 $aNota ms. di possesso: Sergio Lanza 996 $6020$a888025023X$9(OLS)http://pul/number/72123 996 $6245$aFede cristiana e agire sociale$9(OLS)http://pul/title/76440 996 $6260$aMilano :$bCentro Ambrosiano$9(OLS)http://pul/publisher/64424